000 00306nam a22001337a 4500
020 _a9788183520737
082 _a080
_bKUM/B
100 _aMATHUR NIHARIKA
245 _aBABY NAMES FOR BOYS
260 _aNEW DELHI
_bMAHAVEER PUBLISHERS
_c2010
300 _a190
520 _aBABY NAMES FOR BOYS
942 _cBK
999 _c6769
_d6769